|
|
|
|
| LEADER |
00000cam a2200000 c 4500 |
| 001 |
1093397489 |
| 003 |
DE-627 |
| 005 |
20260128210330.0 |
| 007 |
tu |
| 008 |
910228s1926 xx ||||| 00| ||ger c |
| 035 |
|
|
|a (DE-627)1093397489
|
| 035 |
|
|
|a (DE-576)023397489
|
| 035 |
|
|
|a (DE-599)BSZ023397489
|
| 035 |
|
|
|a (OCoLC)18138705
|
| 035 |
|
|
|a (OCoLC)18138705
|
| 040 |
|
|
|a DE-627
|b ger
|c DE-627
|e rakwb
|
| 041 |
|
|
|a ger
|
| 044 |
|
|
|c XA-DXDE
|
| 082 |
0 |
|
|a 335.70943
|
| 084 |
|
|
|a 1
|2 ssgn
|
| 084 |
|
|
|a NK 6799
|2 rvk
|0 (DE-625)rvk/126133:
|
| 084 |
|
|
|a BL 4340
|2 rvk
|0 (DE-625)rvk/12131:
|
| 084 |
|
|
|a 89.19
|2 bkl
|
| 100 |
1 |
|
|a Soecknick, Gerda
|4 aut
|
| 245 |
1 |
0 |
|a Religiöser Sozialismus der neueren Zeit
|b unter besonderer Berücksichtigung Deutschlands
|c von Gerda Soecknick
|
| 264 |
|
1 |
|a Jena
|b Fischer
|c 1926
|
| 300 |
|
|
|a VIII, 151 S.
|c 8°
|
| 336 |
|
|
|a Text
|b txt
|2 rdacontent
|
| 337 |
|
|
|a ohne Hilfsmittel zu benutzen
|b n
|2 rdamedia
|
| 338 |
|
|
|a Band
|b nc
|2 rdacarrier
|
| 490 |
1 |
|
|a Königsberger sozialwissenschaftliche Forschungen
|v 5
|
| 583 |
1 |
|
|a Archivierung/Langzeitarchivierung gewährleistet
|f SSG
|x XA-DE-BW
|2 pdager
|5 DE-21
|
| 583 |
1 |
|
|a Massenentsäuert
|c 2022
|2 pdager
|5 DE-206
|
| 601 |
|
|
|a Sozialismus
|
| 601 |
|
|
|a Berücksichtigung
|
| 601 |
|
|
|a Deutschland
|
| 776 |
0 |
8 |
|i Elektronische Reproduktion
|a Soecknick, Gerda
|t Religiöser Sozialismus der neueren Zeit
|d Jena : Verlag von Gustav Fischer, 1926
|h VIII, 151 S.
|w (DE-627)1767739001
|k Electronic
|
| 830 |
|
0 |
|a Königsberger sozialwissenschaftliche Forschungen
|v 5
|9 5
|w (DE-627)167519263
|w (DE-576)000438146
|w (DE-600)538601-9
|7 am
|
| 935 |
|
|
|a mteo
|
| 936 |
r |
v |
|a NK 6799
|b Religiöser Sozialismus
|k Geschichte
|k Weltgeschichte, Darstellungen Allgemeine Geschichte einzelner Staaten und Völker Teilgebiete der Geschichte, Sammelwerke
|k Teilgebiete der Geschichte
|k Geschichte der politischen und sozialen Ideen und Bewegungen und der politischen Parteien
|k Religiöser Sozialismus
|0 (DE-627)1271457954
|0 (DE-625)rvk/126133:
|0 (DE-576)201457954
|
| 936 |
r |
v |
|a BL 4340
|b Christlicher Sozialismus
|k Theologie und Religionswissenschaften
|k Christliche Gesellschaftslehre
|k Sozialtheorien und Sozialsysteme
|k Christlicher Sozialismus
|0 (DE-627)1270651846
|0 (DE-625)rvk/12131:
|0 (DE-576)200651846
|
| 936 |
b |
k |
|a 89.19
|j Sozialistische Richtungen
|0 (DE-627)106418211
|
| 951 |
|
|
|a BO
|
| ELC |
|
|
|b 1
|
| ITA |
|
|
|a 1
|t 1
|
| LOK |
|
|
|0 000 xxxxxcx a22 zn 4500
|
| LOK |
|
|
|0 001 2160203122
|
| LOK |
|
|
|0 003 DE-627
|
| LOK |
|
|
|0 004 1093397489
|
| LOK |
|
|
|0 005 20040805000000
|
| LOK |
|
|
|0 008 040805||||||||||||||||ger|||||||
|
| LOK |
|
|
|0 040
|a DE-21
|c DE-627
|d DE-21
|
| LOK |
|
|
|0 852
|a DE-21
|
| LOK |
|
|
|0 852 1
|c Ea 418-5
|9 00
|
| LOK |
|
|
|0 935
|a dika
|
| LOK |
|
|
|0 939
|a 05-08-04
|b l01
|
| LOK |
|
|
|0 000 xxxxxcx a22 zn 4500
|
| LOK |
|
|
|0 001 2160203149
|
| LOK |
|
|
|0 003 DE-627
|
| LOK |
|
|
|0 004 1093397489
|
| LOK |
|
|
|0 005 20100408043030
|
| LOK |
|
|
|0 008 910228||||||||||||||||ger|||||||
|
| LOK |
|
|
|0 040
|a DE-21-31
|c DE-627
|d DE-21-31
|
| LOK |
|
|
|0 541
|e 64419
|
| LOK |
|
|
|0 852
|a DE-21-31
|
| LOK |
|
|
|0 852 1
|c Pv II 5027
|m p
|9 00
|
| LOK |
|
|
|0 852 2
|b Magazin
|9 00
|
| LOK |
|
|
|0 938
|k p
|
| LOK |
|
|
|0 939
|a 28-02-91
|b l01
|
| ORI |
|
|
|a SA-MARC-ixtheoa001.raw
|
| REL |
|
|
|a 1
|
| SUB |
|
|
|a REL
|